| 000 | 00888nas a2200289 4500 | ||
|---|---|---|---|
| 001 | BR2011001979 | ||
| 003 | BR-BrBNA | ||
| 005 | 20231205114932.0 | ||
| 007 | ta | ||
| 008 | 230509b bl.|||p| |||| 00| 00por d | ||
| 040 |
_aBR-BrBNA _bpor _cBiblioteca Nacional de Agricultura |
||
| 041 | _a(En) | ||
| 072 | _aL73; L70 | ||
| 100 | 1 | _aSpilki, F.R. | |
| 100 | 1 | _aAlmeida, R.S. de | |
| 100 | 1 | _aArns, C.W. | |
| 245 | 1 | _aAntibody responses in mice after immunization with inactivated bovine respiratory syncytial virus using differente adjuvants | |
| 650 | _aBOVINO | ||
| 650 | _aCAMUNDONGO | ||
| 650 | _aVÍRUS | ||
| 650 | _aDOENÇA ANIMAL | ||
| 650 | _aVETERINÁRIA | ||
| 650 | _aVACINA INATIVADA | ||
| 773 | 0 |
_tCiência Rural (Brazil) _xISSN 0103-8478 _g(Nov 2010), v. 40(11) p. 2333-2337 _wBR2011001979 |
|
| 909 |
_a202311 _bLúcia _c55 _dLúcia Elande |
||
| 942 |
_2AGRIS _n0 _cANA |
||
| 999 |
_c211312 _d211312 |
||